Tradición y novedad breve historia de todas las cosas
保存先:
| 第一著者: | |
|---|---|
| フォーマット: | 不明 |
| 出版事項: |
Madrid, España
Instituto Internacional de Literatura Iberoamericana,
1987
|
| 主題: | |
| タグ: |
タグ追加
タグなし, このレコードへの初めてのタグを付けませんか!
|
MARC
| LEADER | 000000000a22000000004500 | ||
|---|---|---|---|
| 001 | 002029 | ||
| 092 | 0 | |a CR863.4D A283h | |
| 100 | 1 | |a Herrera Villalobos, Fernando | |
| 245 | 1 | 0 | |a Tradición y novedad |b breve historia de todas las cosas |
| 260 | |a Madrid, España |b Instituto Internacional de Literatura Iberoamericana, |c 1987 | ||
| 300 | |a 455-474 páginas | ||
| 310 | |a semestral | ||
| 500 | |a número de inscripción 01322 -- Separata de la Revista Iberoamericana. Números 138-139, de enero a junio 1987 | ||
| 650 | 4 | |a AGUILERA GARRAMUÑO, MARCO TULIO | |
| 650 | 4 | |a BREVE HISTORIA DE TODAS LAS COSAS | |
| 650 | 4 | |a LITERATURA COSTARRICENSE | |
| 650 | 4 | |a CUENTOS | |
| 650 | 4 | |a HISTORIA Y CRITICA | |
| 773 | 0 | |t Revista Iberoamericana (Separata) | |
| 773 | 0 | |g 138-139 | |
| 773 | 0 | |g 1987 | |
| 999 | |c 3107 |d 3107 | ||
